01890nmc a2200517 a 4500003000900000005001700009008004100026020001800067040001300085110005000098245013100148260004200279300001900321490001100340500010400351500005800455500009100513500009500604650002300699650002400722650002800746650002000774651002700794651001100821651001300832651001200845651001000857651001100867651001400878651002100892700004000913700003200953700001900985700002401004700002501028700002101053700001901074700002601093700001801119700002001137700002001157700002501177700001701202700002601219711012701245AR-BaBNM20251128205003.0011101s1995 ||||||||||||||000 | spa|| a950-9467-59-6 cAR-BaBNM2 aFacultad Latinoamericana de Ciencias Sociales10a¿Es posible concertar las políticas educativas? La concertación de políticas educativas en Argentina y América Latina aBuenos AiresbMiño y Dávilac19950 a350 p.btablas 0aFlacso0 aSeminario internacional: "La concertación de políticas educativas en Argentina y Latinoamerica"0 aFLACSO: Facultad Latinoamericana de Ciencias Sociales0 aOREALC: Oficina Regional de Educación de la Unesco para América Latina y el Caribe1 aUNESCO: Organización de las Naciones Unidas para la Educación, la Ciencia y la Cultura 4aPOLITICA EDUCATIVA 4aEDUCACION COMPARADA 4aREFORMA DE LA EDUCACION 4aSIGLO VEINTIUNO 4aRepública Dominicana 4aPerú 4aMéxico 4aEcuador 4aChile 4aBrasil 4aArgentina 4aAmérica Latina1 aTiramonti, Guillerminaeprologuista1 aFilmus, Danieleprologuista1 aCasassus, Juan1 aBraslavsky, Cecilia1 aVial Correa, Gonzalo1 aJara B., Cecilia1 aHelfer, Gloria1 aTavares, Juan Tomás1 aBranchi, Luis1 aLaricchia, Hugo1 aPovedano, Nidia1 aIbarrola, María de1 aAlves, Nilda1 aTenti Fanfani, Emilio2 aSeminario internacional: La concertación de políticas educativas en Argentina y LatinoamericacBuenos Aires, Argentina